<?xml version='1.0' encoding='UTF-8'?>
  <record xmlns="http://www.loc.gov/MARC21/slim">
    <leader>00000cam a2200000 i 4500</leader>
    <controlfield tag="001">ocm68500881</controlfield>
    <controlfield tag="003">OCoLC</controlfield>
    <controlfield tag="005">20250911214434.2</controlfield>
    <controlfield tag="008">970725s1501    gw            000 0 lat d</controlfield>
    <datafield tag="040" ind1=" " ind2=" ">
      <subfield code="a">NLGGC</subfield>
      <subfield code="b">eng</subfield>
      <subfield code="e">rda</subfield>
      <subfield code="e">dcrmr</subfield>
      <subfield code="c">NLGGC</subfield>
      <subfield code="d">QGJ</subfield>
      <subfield code="d">OCLCQ</subfield>
      <subfield code="d">QGJ</subfield>
      <subfield code="d">OCLCO</subfield>
    </datafield>
    <datafield tag="029" ind1="0" ind2=" ">
      <subfield code="a">NLGGC</subfield>
      <subfield code="b">160208238</subfield>
    </datafield>
    <datafield tag="035" ind1=" " ind2=" ">
      <subfield code="a">(OCoLC)68500881</subfield>
    </datafield>
    <datafield tag="100" ind1="1" ind2=" ">
      <subfield code="a">Dorlandus, Petrus,</subfield>
      <subfield code="d">1454-1507,</subfield>
      <subfield code="e">author.</subfield>
      <subfield code="4">aut</subfield>
      <subfield code="1">https://id.oclc.org/worldcat/entity/E39PCjC9PGCxFQTJQD3BTh4yVC</subfield>
    </datafield>
    <datafield tag="245" ind1="1" ind2="0">
      <subfield code="a">Viola anime per modu[m] dyalogi inter Raymundum Sebu[n]dium. artium medicine atq[ue] sacre theologie p[ro]fessorem eximiu[m] &amp; dominu[m] Dominicu[]m seminiuerbium. De hominis natura (propter quem om[n]ia facta sunt) tractans ad cognoscendum se. deum. et hominem.</subfield>
    </datafield>
    <datafield tag="250" ind1=" " ind2=" ">
      <subfield code="a">Denuo impressus</subfield>
    </datafield>
    <datafield tag="264" ind1=" " ind2="1">
      <subfield code="a">Colonie :</subfield>
      <subfield code="b">I[m]pensis ... He[n]rici Que[n]tell,</subfield>
      <subfield code="c">Anno natalicij saluatoris nostri, Jesu christi. M.CCCCC.j. Die decimosexto mensis Julij. [16 July 1501]</subfield>
    </datafield>
    <datafield tag="300" ind1=" " ind2=" ">
      <subfield code="a">[83] leaves ;</subfield>
      <subfield code="c">19 cm (4to)</subfield>
    </datafield>
    <datafield tag="336" ind1=" " ind2=" ">
      <subfield code="a">text</subfield>
      <subfield code="b">txt</subfield>
      <subfield code="2">rdacontent</subfield>
    </datafield>
    <datafield tag="337" ind1=" " ind2=" ">
      <subfield code="a">unmediated</subfield>
      <subfield code="b">n</subfield>
      <subfield code="2">rdamedia</subfield>
    </datafield>
    <datafield tag="338" ind1=" " ind2=" ">
      <subfield code="a">volume</subfield>
      <subfield code="b">nc</subfield>
      <subfield code="2">rdacarrier</subfield>
    </datafield>
    <datafield tag="340" ind1=" " ind2=" ">
      <subfield code="m">4to</subfield>
      <subfield code="2">rdabf</subfield>
    </datafield>
    <datafield tag="500" ind1=" " ind2=" ">
      <subfield code="a">Edition and publication statements from colophon (leaf P5 recto), which reads: Finit dyalogus de mysteriis sacre passionis christi. alijs quoq[ue] salutiferis doctrinis. quib[us] homo suas actiones p[otes]t ordinare in laudem dei ac gloriose virginis marie vt patet intuen]ti. &amp; per co[n]seque[n]s totus liber iste (qui viola anime inscribit[ur]) merito cu[m] ver[um] odore[m] vite doctrine sapie[n]tieq[ue] spiret in septem distinct[us] dyalogos Colonie impe[n]sis honesti viri He[n]rici Que[n]tell denuo Impressus anno natalicij salvatoris nostri, Jesu Christi. M.CCCCC.j. Die decimosexto mensis Julij.</subfield>
    </datafield>
    <datafield tag="500" ind1=" " ind2=" ">
      <subfield code="a">Signatures:  aa⁴ A-B⁶ C⁴ D⁸ E-F⁴ G⁸ H⁴ I⁶ K⁴ L⁶ M⁴ N⁶ O⁴ P⁶; A1 signed A2</subfield>
    </datafield>
    <datafield tag="500" ind1=" " ind2=" ">
      <subfield code="a">By Petrus Dorlandus. Author's name is mentioned in epigram on title page: dorlant</subfield>
    </datafield>
    <datafield tag="500" ind1=" " ind2=" ">
      <subfield code="a">Contains also (leaf aa1 verso) a poem by Matthaeus Herben and two anonymous poems on final page.</subfield>
    </datafield>
    <datafield tag="510" ind1="4" ind2=" ">
      <subfield code="a">Verzeichnis der im deutschen Sprachbereich erschienenen Drucke des 16. Jahrhunderts (VD 16),</subfield>
      <subfield code="c">D 2394</subfield>
      <subfield code="u">https://gateway-bayern.de/VD16+D+2394</subfield>
    </datafield>
    <datafield tag="510" ind1="4" ind2=" ">
      <subfield code="a">Panzer, G.W.F. Annales typographici,</subfield>
      <subfield code="c">6, 348</subfield>
    </datafield>
    <datafield tag="510" ind1="4" ind2=" ">
      <subfield code="a">Adams, H.M. Catalogue of books printed on the continent of Europe, 1501-1600, in Cambridge libraries,</subfield>
      <subfield code="c">D 843</subfield>
    </datafield>
    <datafield tag="650" ind1=" " ind2="0">
      <subfield code="a">Spiritual life</subfield>
      <subfield code="x">Catholic Church</subfield>
      <subfield code="v">Early works to 1800.</subfield>
    </datafield>
    <datafield tag="650" ind1=" " ind2="6">
      <subfield code="a">Vie spirituelle</subfield>
      <subfield code="x">Église catholique</subfield>
      <subfield code="v">Ouvrages avant 1800.</subfield>
    </datafield>
    <datafield tag="650" ind1=" " ind2="7">
      <subfield code="a">Spiritual life</subfield>
      <subfield code="x">Catholic Church</subfield>
      <subfield code="2">fast</subfield>
    </datafield>
    <datafield tag="655" ind1=" " ind2="7">
      <subfield code="a">Early works</subfield>
      <subfield code="2">fast</subfield>
    </datafield>
    <datafield tag="700" ind1="1" ind2=" ">
      <subfield code="a">Herben, Matthaeus,</subfield>
      <subfield code="e">contributor.</subfield>
      <subfield code="4">ctb</subfield>
      <subfield code="1">https://id.oclc.org/worldcat/entity/E39PCjJtDCBmjXTG4VqrHfmDFX</subfield>
    </datafield>
    <datafield tag="700" ind1="1" ind2=" ">
      <subfield code="a">Quentell, Heinrich,</subfield>
      <subfield code="d">-1501,</subfield>
      <subfield code="e">printer.</subfield>
      <subfield code="4">prt</subfield>
      <subfield code="1">https://id.oclc.org/worldcat/entity/E39PBJtCCdkFpW9DgjxCRqxdQq</subfield>
    </datafield>
    <datafield tag="752" ind1=" " ind2=" ">
      <subfield code="a">Germany</subfield>
      <subfield code="d">Cologne,</subfield>
      <subfield code="e">publication place.</subfield>
      <subfield code="4">pup</subfield>
    </datafield>
    <datafield tag="936" ind1=" " ind2=" ">
      <subfield code="a">BATCHLOAD</subfield>
    </datafield>
  </record>